[Event "Europa ch 2014"]
[Site "Yerevan ARM"]
[Date "2014.03.11"]
[Round "8.104"]
[White "Kozlitin, Roman"]
[Black "Gevorgyan, Maria"]
[Result "1-0"]
[WhiteElo "2365"]
[BlackElo "2180"]
[PlyCount "37"]
[EventDate "2014.03.03"]
[EventType "swiss"]
[EventRounds "11"]
[EventCountry "ARM"]
[Source "lmi"]
[SourceDate "2014.03.02"]

1. Nf3 c5 2. e4 e6 3. d4 cxd4 4. Nxd4 a6 5. Nc3 Qc7 6. Bd3 Bb4 7. Bd2 Nf6 8.
O-O Be7 9. Kh1 b5 10. f4 d6 11. e5 Nfd7 12. exd6 Qxd6 13. Qf3 Ra7 14. Be3 Bb7
15. Qg3 Ra8 16. Ne4 Qd5 17. Qxg7 Rf8 18. f5 Nf6 19. Qxf6 1-0

[Event "Europa ch 2014"]
[Site "Yerevan ARM"]
[Date "2014.03.11"]
[Round "8.105"]
[White "Vatinyan, Gor"]
[Black "Shahinyan, David"]
[Result "0-1"]
[WhiteElo "2176"]
[BlackElo "2356"]
[PlyCount "75"]
[EventDate "2014.03.03"]
[EventType "swiss"]
[EventRounds "11"]
[EventCountry "ARM"]
[Source "lmi"]
[SourceDate "2014.03.02"]

1. e4 e6 2. Nf3 d5 3. Nc3 Nf6 4. e5 Nfd7 5. d4 c5 6. dxc5 Nc6 7. Bf4 Nxc5 8.
Be2 Be7 9. O-O O-O 10. Nb5 a6 11. Nbd4 f6 12. Nxc6 bxc6 13. Nd4 Qb6 14. c4 Ne4
15. Bf3 f5 16. cxd5 cxd5 17. Nb3 a5 18. Be3 Qb8 19. Bd4 a4 20. Nd2 Bg5 21. Bxe4
fxe4 22. g3 Ba6 23. Re1 Qb4 24. Nf1 Rf3 25. Bc3 Qb7 26. Ne3 Raf8 27. Qd2 Qf7
28. Bb4 Rxf2 29. Qd4 Qf3 30. Qc5 Bxe3 31. Qxf8+ Qxf8 32. Bxf8 Re2+ 33. Kh1 Kxf8
34. Rxe2 Bxe2 35. Kg2 d4 36. b4 d3 37. b5 d2 38. b6 0-1

[Event "Europa ch 2014"]
[Site "Yerevan ARM"]
[Date "2014.03.11"]
[Round "8.106"]
[White "Pavlidis, Anastasios"]
[Black "Barseghyan, Harutyun"]
[Result "1-0"]
[WhiteElo "2340"]
[BlackElo "2067"]
[PlyCount "91"]
[EventDate "2014.03.03"]
[EventType "swiss"]
[EventRounds "11"]
[EventCountry "ARM"]
[Source "lmi"]
[SourceDate "2014.03.02"]

1. e4 e6 2. d4 d5 3. Nc3 Bb4 4. e5 Ne7 5. a3 Bxc3+ 6. bxc3 c5 7. Qg4 O-O 8. Bd3
Nbc6 9. Nf3 f6 10. exf6 Rxf6 11. Qh5 h6 12. Ne5 c4 13. Be2 Rf5 14. Qg4 Qa5 15.
Qg3 Kh7 16. O-O Nxe5 17. dxe5 Bd7 18. f4 Qa4 19. Ra2 Qc6 20. Qh3 Rf7 21. Be3 b6
22. Raa1 Qa4 23. Rf2 Kg8 24. Bh5 Rff8 25. g4 Qc6 26. Qh4 d4 27. Bxd4 Nd5 28.
Raf1 Bc8 29. Bg6 Bb7 30. Be4 Qd7 31. Qh3 Nxc3 32. Bxb7 Qxd4 33. Bxa8 Rxa8 34.
Kh1 Rf8 35. Qg2 Nd5 36. Rd2 Qc5 37. Qe4 Qxa3 38. f5 Qh3 39. Rf3 Qh4 40. Rd1 Qe7
41. fxe6 Rxf3 42. Qxf3 Nb4 43. Rd7 Qxe6 44. Rd8+ Kh7 45. Qe4+ Qg6 46. Rh8+ 1-0

[Event "Europa ch 2014"]
[Site "Yerevan ARM"]
[Date "2014.03.11"]
[Round "8.107"]
[White "Hudyakov, Sergey"]
[Black "Salomon, Johan"]
[Result "0-1"]
[WhiteElo "2107"]
[BlackElo "2340"]
[PlyCount "64"]
[EventDate "2014.03.03"]
[EventType "swiss"]
[EventRounds "11"]
[EventCountry "ARM"]
[Source "lmi"]
[SourceDate "2014.03.02"]

1. d4 Nf6 2. Nf3 e6 3. e3 b6 4. Bd3 Bb7 5. Nbd2 Be7 6. O-O O-O 7. e4 d6 8. Re1
Nbd7 9. c3 e5 10. Nf1 Re8 11. Ng3 Bf8 12. d5 c6 13. c4 a6 14. Bd2 b5 15. b3
bxc4 16. bxc4 a5 17. Rb1 Qc7 18. h3 Ba6 19. Be3 Rec8 20. Bf1 cxd5 21. cxd5 Bxf1
22. Rc1 Qb7 23. Rxf1 Qb4 24. Nd2 a4 25. Rc2 g6 26. Qc1 Rcb8 27. Rc4 Qa5 28. Qa3
Rb5 29. Rb1 Rxb1+ 30. Nxb1 Qe1+ 31. Kh2 Qxb1 32. Rxa4 Rb8 0-1

[Event "Europa ch 2014"]
[Site "Yerevan ARM"]
[Date "2014.03.11"]
[Round "8.108"]
[White "Ghvamberia, Nika"]
[Black "Alaverdyan, Gevorg"]
[Result "0-1"]
[WhiteElo "2133"]
[BlackElo "2311"]
[PlyCount "72"]
[EventDate "2014.03.03"]
[EventType "swiss"]
[EventRounds "11"]
[EventCountry "ARM"]
[Source "lmi"]
[SourceDate "2014.03.02"]

1. e4 e5 2. Nf3 Nc6 3. Bb5 Nf6 4. O-O Nxe4 5. d4 Nd6 6. Bxc6 dxc6 7. dxe5 Nf5
8. Qe2 Nd4 9. Nxd4 Qxd4 10. Rd1 Qg4 11. f3 Qg6 12. Be3 Bf5 13. Rd2 Bb4 14. Nc3
Bxc3 15. bxc3 O-O 16. Rb1 b6 17. c4 c5 18. Rbd1 Rfe8 19. Bf4 Qc6 20. Qe3 a5 21.
Bg3 Be6 22. Qg5 Bxc4 23. a3 h6 24. Qh4 b5 25. Rd7 Be6 26. Rd8 Raxd8 27. Rxd8 b4
28. Qe7 Rxd8 29. Qxd8+ Kh7 30. Qd3+ g6 31. Bh4 c4 32. Qd8 g5 33. Bf2 bxa3 34.
Qd4 a2 35. Qc3 Qb5 36. Bd4 c5 0-1

[Event "Europa ch 2014"]
[Site "Yerevan ARM"]
[Date "2014.03.11"]
[Round "8.109"]
[White "Machkalyan, Haik"]
[Black "Cherednichenko, Svetlana"]
[Result "1-0"]
[WhiteElo "1874"]
[BlackElo "2270"]
[PlyCount "73"]
[EventDate "2014.03.03"]
[EventType "swiss"]
[EventRounds "11"]
[EventCountry "ARM"]
[Source "lmi"]
[SourceDate "2014.03.02"]

1. a3 g6 2. g3 Bg7 3. Bg2 d6 4. d3 e5 5. e4 Nc6 6. Nc3 Be6 7. f4 Qd7 8. Be3 Nf6
9. h3 Nh5 10. f5 Bxf5 11. exf5 Nxg3 12. Rh2 Nxf5 13. Qd2 Nxe3 14. Qxe3 h5 15.
Nf3 Bh6 16. Qf2 O-O-O 17. Nd2 Nd4 18. O-O-O Kb8 19. Kb1 h4 20. Nd5 c6 21. c3
Ne6 22. Nb4 f5 23. Nb3 Bf4 24. Rhh1 Bg3 25. Qc2 d5 26. c4 d4 27. Na5 Rc8 28. c5
Rc7 29. Rc1 Bf4 30. Qa4 Bxc1 31. Rxc1 Nd8 32. Nc4 Nf7 33. Qb3 Kc8 34. Nb6+ axb6
35. cxb6 Re8 36. bxc7 e4 37. Nxc6 1-0

[Event "Europa ch 2014"]
[Site "Yerevan ARM"]
[Date "2014.03.11"]
[Round "8.110"]
[White "Sayadyan, Edvard"]
[Black "Galoyan, Levon"]
[Result "0-1"]
[WhiteElo "2010"]
[BlackElo "2251"]
[PlyCount "58"]
[EventDate "2014.03.03"]
[EventType "swiss"]
[EventRounds "11"]
[EventCountry "ARM"]
[Source "lmi"]
[SourceDate "2014.03.02"]

1. e4 c5 2. Nf3 d6 3. d4 cxd4 4. Nxd4 Nf6 5. Nc3 a6 6. Bg5 e6 7. f4 Be7 8. Qf3
Nbd7 9. O-O-O Qc7 10. Bd3 b5 11. Rhe1 Bb7 12. Qg3 b4 13. Nd5 exd5 14. exd5 g6
15. Nc6 Bxc6 16. dxc6 Qxc6 17. Qe3 O-O 18. Bxf6 Bxf6 19. Be4 Qc7 20. Bxa8 Rxa8
21. Qd3 Rc8 22. Re2 Qa5 23. Kb1 Nc5 24. Qh3 Rd8 25. Qh6 Qb5 26. Red2 d5 27. f5
Ne4 28. fxg6 Nxd2+ 29. Qxd2 hxg6 0-1

[Event "Europa ch 2014"]
[Site "Yerevan ARM"]
[Date "2014.03.11"]
[Round "8.111"]
[White "Tari, Aryan"]
[Black "Parvanyan, Ashot"]
[Result "1-0"]
[WhiteElo "2424"]
[BlackElo "1804"]
[PlyCount "55"]
[EventDate "2014.03.03"]
[EventType "swiss"]
[EventRounds "11"]
[EventCountry "ARM"]
[Source "lmi"]
[SourceDate "2014.03.02"]

1. c4 e5 2. Nc3 Nf6 3. Nf3 Nc6 4. g3 d5 5. cxd5 Nxd5 6. Bg2 Nb6 7. O-O Be7 8.
Rb1 a5 9. d3 Be6 10. Be3 Nd5 11. Nxd5 Bxd5 12. Qa4 b5 13. Qxb5 Rb8 14. Qa4 O-O
15. Rfc1 Rb4 16. Qc2 e4 17. Ne1 Ne5 18. Bxe4 Bxa2 19. Ra1 Bd5 20. Bxd5 Qxd5 21.
Qxc7 Bd6 22. Rxa5 Qe6 23. Qc3 Rbb8 24. Ra6 h5 25. Qd4 Rfd8 26. Bf4 Qe7 27. Rxd6
Rxd6 28. Qxe5 1-0

[Event "Europa ch 2014"]
[Site "Yerevan ARM"]
[Date "2014.03.11"]
[Round "8.112"]
[White "Matevosyan, Sedrak"]
[Black "Sargsyan, Shushanna"]
[Result "1-0"]
[WhiteElo "2213"]
[BlackElo "2093"]
[PlyCount "74"]
[EventDate "2014.03.03"]
[EventType "swiss"]
[EventRounds "11"]
[EventCountry "ARM"]
[Source "lmi"]
[SourceDate "2014.03.02"]

1. c4 c6 2. Nf3 d5 3. d4 e6 4. Qc2 Nf6 5. g3 Bb4+ 6. Nbd2 O-O 7. Bg2 Nbd7 8.
O-O Re8 9. a3 Bd6 10. b4 e5 11. cxd5 cxd5 12. dxe5 Nxe5 13. Bb2 Bg4 14. Nxe5
Bxe5 15. Bxe5 Rxe5 16. Nf3 Re7 17. Nd4 Rc8 18. Qb2 Rec7 19. Rac1 Qd7 20. e3 h6
21. Nb3 b6 22. Rxc7 Rxc7 23. Rc1 Rc4 24. Bf1 Rxc1 25. Qxc1 Ne4 26. Nd4 Be6 27.
Qc6 Nd6 28. Qa8+ Kh7 29. Bd3+ g6 30. h4 h5 31. Nc6 Nc4 32. a4 Nb2 33. Bb5 Bg4
34. Ne5 Qc8 35. Qxa7 Qc1+ 36. Bf1 Be6 37. Nxf7 Kg8 1-0

[Event "Europa ch 2014"]
[Site "Yerevan ARM"]
[Date "2014.03.11"]
[Round "8.113"]
[White "Imnadze, Nato"]
[Black "Pavlidou, Ekaterini"]
[Result "1-0"]
[WhiteElo "2100"]
[BlackElo "2188"]
[PlyCount "119"]
[EventDate "2014.03.03"]
[EventType "swiss"]
[EventRounds "11"]
[EventCountry "ARM"]
[Source "lmi"]
[SourceDate "2014.03.02"]

1. e4 c5 2. Nc3 Nc6 3. g3 g6 4. Bg2 Bg7 5. d3 d6 6. Be3 Rb8 7. a4 a6 8. Nge2
Nd4 9. O-O e6 10. Qd2 Ne7 11. f4 O-O 12. Nc1 b5 13. axb5 axb5 14. Nd1 b4 15. c3
bxc3 16. bxc3 Nb3 17. Qb2 Nxa1 18. Qxb8 Nc2 19. Bf2 Nc6 20. Qb3 Na1 21. Qb2 Qa5
22. e5 d5 23. Na2 Ba6 24. Ne3 Rb8 25. Qxa1 Bxd3 26. Rd1 Qa3 27. Rxd3 Rb2 28.
Rd1 Na5 29. Nb4 cxb4 30. cxb4 Qxb4 31. Qc1 Bf8 32. Be1 Qb3 33. Qc3 Qb6 34. Kh1
Nc6 35. Rc1 d4 36. Qxc6 Qxc6 37. Rxc6 dxe3 38. Kg1 Kg7 39. Be4 Ra2 40. h3 h6
41. Kf1 g5 42. fxg5 hxg5 43. Bf3 Kg6 44. Rc3 g4 45. Bxg4 Bh6 46. Rc5 Bf8 47.
Rc8 Bg7 48. Rc5 Bf8 49. Ra5 Rc2 50. Be2 Kg7 51. Ra4 Be7 52. Rg4+ Kh8 53. Bb4 f5
54. Rd4 Bg5 55. h4 Bh6 56. Be7 Kg8 57. Bf6 Rc1+ 58. Kg2 Re1 59. Kf3 Rh1 60. Bd1
1-0

[Event "Europa ch 2014"]
[Site "Yerevan ARM"]
[Date "2014.03.11"]
[Round "8.114"]
[White "Basencyan, Mark"]
[Black "Erenberg, Ariel"]
[Result "1/2-1/2"]
[WhiteElo "2186"]
[BlackElo "2092"]
[PlyCount "67"]
[EventDate "2014.03.03"]
[EventType "swiss"]
[EventRounds "11"]
[EventCountry "ARM"]
[Source "lmi"]
[SourceDate "2014.03.02"]

1. d4 d5 2. c4 dxc4 3. e3 e6 4. Bxc4 c5 5. Nf3 Nf6 6. O-O a6 7. a4 Nc6 8. Qe2
Qc7 9. Nc3 Bd6 10. dxc5 Bxc5 11. b3 O-O 12. Bb2 b6 13. Rfd1 Bb7 14. h3 Nb4 15.
Na2 Qe7 16. Nxb4 Bxb4 17. Rac1 Ba3 18. Rc2 Bxb2 19. Rxb2 Ne4 20. Rc2 Qf6 21.
Rd7 Nc5 22. Rd6 Be4 23. Rc1 b5 24. axb5 axb5 25. Bxb5 Nxb3 26. Rcd1 Rac8 27.
Nd4 Qg5 28. f4 Nxd4 29. R6xd4 Qg6 30. Bd3 Bxd3 31. Qxd3 Qxd3 32. R4xd3 f6 33.
Kf2 g6 34. g4 1/2-1/2

[Event "Europa ch 2014"]
[Site "Yerevan ARM"]
[Date "2014.03.11"]
[Round "8.115"]
[White "Aleksanyan, Hrant"]
[Black "Gasparian, Tigran"]
[Result "1/2-1/2"]
[WhiteElo "2003"]
[BlackElo "2165"]
[PlyCount "129"]
[EventDate "2014.03.03"]
[EventType "swiss"]
[EventRounds "11"]
[EventCountry "ARM"]
[Source "lmi"]
[SourceDate "2014.03.02"]

1. d4 Nf6 2. Nf3 e6 3. c4 d5 4. Nc3 c6 5. e3 Nbd7 6. Bd3 dxc4 7. Bxc4 b5 8. Be2
a6 9. O-O Bb7 10. Nd2 Bd6 11. Nde4 Nxe4 12. Nxe4 Bxh2+ 13. Kxh2 Qh4+ 14. Kg1
Qxe4 15. f3 Qh4 16. e4 O-O 17. Be3 f5 18. Qb3 Rae8 19. Bf2 Qh6 20. exf5 Rxf5
21. Be3 Qf6 22. f4 Nb6 23. Bg4 Rd5 24. Bf3 Rd7 25. f5 Nc4 26. fxe6 Qxe6 27.
Rae1 Kh8 28. Bd2 Qg8 29. Rxe8 Qxe8 30. Bh5 g6 31. Bh6 Rf7 32. Rxf7 Qxf7 33. Be2
Nd6 34. Qg3 Qf6 35. Qe3 Bc8 36. Bf3 Bd7 37. Bg5 Qe6 38. Qf4 Kg8 39. Bh6 Nf5 40.
Bg5 Qd6 41. Qxd6 Nxd6 42. Be7 Nf5 43. Bc5 Kf7 44. d5 cxd5 45. Bxd5+ Be6 46. Bb7
Bxa2 47. Bxa6 Bc4 48. b3 Bd3 49. Kf2 h5 50. Bc8 Ng7 51. Bd7 Bc2 52. Bxb5 Bxb3
53. Bd3 Be6 54. Bd4 Ne8 55. Be5 g5 56. g3 Bd5 57. Be2 Kg6 58. Bd3+ Kh6 59. Bb5
Ng7 60. Bxg7+ Kxg7 61. Be2 Bf7 62. Bd1 Kg6 63. Bc2+ Kf6 64. Bd1 Kf5 65. Ba4
1/2-1/2

[Event "Europa ch 2014"]
[Site "Yerevan ARM"]
[Date "2014.03.11"]
[Round "8.116"]
[White "Antinyan, Armen"]
[Black "Henseler, Jorgen"]
[Result "1-0"]
[WhiteElo "2155"]
[BlackElo "2075"]
[PlyCount "93"]
[EventDate "2014.03.03"]
[EventType "swiss"]
[EventRounds "11"]
[EventCountry "ARM"]
[Source "lmi"]
[SourceDate "2014.03.02"]

1. e4 c5 2. Nf3 d6 3. c3 Nf6 4. h3 Nc6 5. Bd3 d5 6. e5 Nd7 7. Bb5 Qa5 8. Qe2 e6
9. O-O c4 10. Bxc6 bxc6 11. Ne1 Ba6 12. Nc2 Bc5 13. Qg4 Qc7 14. Re1 O-O-O 15.
b4 cxb3 16. axb3 Bd3 17. Nb4 Bxb1 18. Rxb1 Bxb4 19. Qxb4 Nxe5 20. Qa4 Kd7 21.
Qa6 Rb8 22. d4 Rb6 23. Qe2 Ng6 24. Ba3 Qb7 25. Ra1 a5 26. Bc5 Rxb3 27. Rxa5 Ra8
28. Rxa8 Qxa8 29. Bb4 Qa4 30. Qf3 Ke8 31. Qg3 Rxb4 32. cxb4 Qxb4 33. Ra1 Qxd4
34. Qb8+ Ke7 35. Ra7+ Kf6 36. Qd8+ Ke5 37. Rxf7 Ke4 38. g3 c5 39. Qe8 c4 40.
Qxe6+ Kd3 41. Rf5 Qa1+ 42. Kg2 d4 43. Rf3+ Kd2 44. Qxc4 Ne5 45. Qb4+ Qc3 46.
Rxc3 dxc3 47. Qf4+ 1-0

[Event "Europa ch 2014"]
[Site "Yerevan ARM"]
[Date "2014.03.11"]
[Round "8.117"]
[White "Danielyan, Vahe"]
[Black "Mnatsakanian, Eduard A"]
[Result "0-1"]
[WhiteElo "1919"]
[BlackElo "2144"]
[PlyCount "84"]
[EventDate "2014.03.03"]
[EventType "swiss"]
[EventRounds "11"]
[EventCountry "ARM"]
[Source "lmi"]
[SourceDate "2014.03.02"]

1. e4 c5 2. Nf3 Nf6 3. Nc3 Nc6 4. d4 d5 5. exd5 Nxd5 6. Bb5 Nxc3 7. bxc3 cxd4
8. O-O e6 9. cxd4 Be7 10. Ne5 Bd7 11. Nxd7 Qxd7 12. c4 Rd8 13. Bb2 O-O 14. Qg4
Bf6 15. Rad1 Qc7 16. Ba3 Be7 17. Bc1 f5 18. Qf4 Qxf4 19. Bxf4 Nxd4 20. Bc7 Rc8
21. Rxd4 Rxc7 22. Rfd1 g6 23. Ba4 Kf7 24. g3 Kf6 25. Bb3 Bc5 26. R4d3 g5 27.
Kg2 h5 28. Rd7 Rf7 29. Rd8 Kg7 30. Ba4 f4 31. Be8 Rf6 32. Bxh5 fxg3 33. fxg3
Rf2+ 34. Kh3 Rxa2 35. Bg4 Re7 36. Rc8 b6 37. Rdd8 Kf6 38. Rf8+ Ke5 39. Bf3 g4+
40. Kxg4 Rg7+ 41. Kh3 Bg1 42. g4 Rh7+ 0-1

[Event "Europa ch 2014"]
[Site "Yerevan ARM"]
[Date "2014.03.11"]
[Round "8.118"]
[White "Hoghmrtsyan, Artur"]
[Black "Vardanian, Hamazasp"]
[Result "1-0"]
[WhiteElo "1878"]
[BlackElo "2138"]
[PlyCount "91"]
[EventDate "2014.03.03"]
[EventType "swiss"]
[EventRounds "11"]
[EventCountry "ARM"]
[Source "lmi"]
[SourceDate "2014.03.02"]

1. e4 e6 2. d4 d5 3. Nd2 c5 4. exd5 Qxd5 5. Ngf3 cxd4 6. Bc4 Qd6 7. O-O Nf6 8.
Nb3 Nc6 9. Nbxd4 Nxd4 10. Nxd4 a6 11. a4 Qc7 12. Bb3 Bd6 13. h3 Bd7 14. c3 e5
15. Ne2 O-O 16. Be3 Ne4 17. Bd5 Bc6 18. a5 Bc5 19. Bxc5 Nxc5 20. Bxc6 Qxc6 21.
Qc2 f5 22. b4 Ne4 23. c4 f4 24. f3 Nd6 25. c5 Nf5 26. Qa2+ Kh8 27. Nc3 Rad8 28.
Rfd1 Ne3 29. Rd2 Rde8 30. Rd6 Qc8 31. Ne4 Re7 32. Re1 h6 33. Re2 Nf5 34. Rd5
Nd4 35. Re1 Qe6 36. Nc3 Qf6 37. Qf2 Nc6 38. Rd6 Qf5 39. Qb2 Qg5 40. Ne4 Qh4 41.
Red1 g5 42. Nf2 Rff7 43. Qb1 Rg7 44. Ng4 h5 45. Nf6 Rgf7 46. Qg6 1-0

[Event "Europa ch 2014"]
[Site "Yerevan ARM"]
[Date "2014.03.11"]
[Round "8.119"]
[White "Tutisani, Noe"]
[Black "Nersisyan, Garnik"]
[Result "1/2-1/2"]
[WhiteElo "2137"]
[BlackElo "2063"]
[PlyCount "144"]
[EventDate "2014.03.03"]
[EventType "swiss"]
[EventRounds "11"]
[EventCountry "ARM"]
[Source "lmi"]
[SourceDate "2014.03.02"]

1. e4 e6 2. f4 d5 3. e5 c5 4. Nf3 f5 5. exf6 Nxf6 6. c3 Nc6 7. d4 Bd6 8. Bd3
Qb6 9. Na3 O-O 10. Nc2 c4 11. Be2 Ne4 12. g3 Bd7 13. Ne3 Ne7 14. Qc2 Qc7 15.
O-O Be8 16. Nxc4 Nxg3 17. hxg3 dxc4 18. Qe4 Rf6 19. Ne5 Nf5 20. Kf2 Rh6 21. Rg1
Bxe5 22. Qxe5 Rh2+ 23. Rg2 Rxg2+ 24. Kxg2 Bc6+ 25. Kf2 Qxe5 26. dxe5 Bd5 27.
Bd2 g6 28. Rb1 Rd8 29. Rd1 h5 30. Be3 Nxe3 31. Kxe3 Rc8 32. Bf3 Bxf3 33. Kxf3
Rc7 34. Ke4 Kf7 35. Rd8 b5 36. Rb8 a6 37. Rh8 Rd7 38. Ra8 Rd2 39. Ra7+ Kf8 40.
Rxa6 Rxb2 41. Rxe6 Kf7 42. Rf6+ Kg7 43. f5 gxf5+ 44. Rxf5 Rxa2 45. e6 Re2+ 46.
Kd5 Re3 47. Rf7+ Kg8 48. Rf4 Kg7 49. Rf7+ Kg8 50. Rf5 Kg7 51. Kd4 Rxe6 52. Rxh5
Rg6 53. Rxb5 Rg4+ 54. Kc5 Kf6 55. Rb1 Ke6 56. Rd1 Rxg3 57. Kxc4 Rg8 58. Rd4 Rb8
59. Kd3 Rb1 60. Kc2 Rb6 61. c4 Rd6 62. Rh4 Kd7 63. Kc3 Kc6 64. Kb4 Rg6 65. Rh5
Rf6 66. Rc5+ Kb6 67. Rb5+ Kc6 68. Ra5 Kb6 69. c5+ Kb7 70. Kb5 Rf1 71. c6+ Kc8
72. Kb6 Rb1+ 1/2-1/2

[Event "Europa ch 2014"]
[Site "Yerevan ARM"]
[Date "2014.03.11"]
[Round "8.120"]
[White "Simonyan, Latush"]
[Black "Bykova, Anastasia"]
[Result "0-1"]
[WhiteElo "1799"]
[BlackElo "2132"]
[PlyCount "166"]
[EventDate "2014.03.03"]
[EventType "swiss"]
[EventRounds "11"]
[EventCountry "ARM"]
[Source "lmi"]
[SourceDate "2014.03.02"]

1. e4 c6 2. Nc3 d5 3. Nf3 Bg4 4. h3 Bxf3 5. Qxf3 e6 6. d4 Nf6 7. exd5 exd5 8.
Bd3 Bd6 9. Bd2 Qe7+ 10. Be3 Nbd7 11. O-O-O O-O-O 12. Rde1 Rde8 13. Bd2 Qd8 14.
g4 h6 15. h4 Ref8 16. Ne2 Ne8 17. Ng3 g6 18. h5 Ng7 19. Qg2 Qf6 20. hxg6 fxg6
21. Rxh6 Rxh6 22. g5 Rh2 23. Qxh2 Qxf2 24. Qxf2 Rxf2 25. Nh1 Rg2 26. Bxg6 Nf8
27. Bd3 Kd8 28. Rf1 Nge6 29. Nf2 Nxg5 30. Nd1 Nge6 31. Ne3 Rh2 32. Nf5 Bc7 33.
c4 dxc4 34. Bxc4 Bb6 35. Bc3 Rh7 36. Re1 Kd7 37. Kc2 Rh5 38. Ne3 Nxd4+ 39. Kc1
Nb5 40. Ng4 Nh7 41. Rd1+ Ke7 42. Be5 Bc7 43. Bxb5 Bxe5 44. Bd3 Nf6 45. Nxf6
Bxf6 46. Re1+ Kd6 47. Re2 b5 48. Kc2 Rc5+ 49. Kb3 Rd5 50. Be4 Rd4 51. Bf5 Be5
52. Kc2 Ra4 53. Kb3 a5 54. Rd2+ Kc5 55. a3 Rf4 56. Bd3 Kb6 57. Kc2 Bd4 58. b3
Rh4 59. Re2 Bc5 60. Kb2 Rh3 61. Rd2 Bd4+ 62. Kc2 Kc5 63. Rg2 Be5 64. Re2 Kd4
65. Re4+ Kd5 66. Re2 Rh4 67. Rd2 Kc5 68. Rg2 Kb6 69. Re2 Bd6 70. Kb2 a4 71. b4
Bxb4 72. axb4 Rxb4+ 73. Kc2 a3 74. Kc3 Rh4 75. Be4 Rh3+ 76. Kc2 c5 77. Bd5 c4
78. Bxc4 bxc4 79. Re5 Rh1 80. Re6+ Kb5 81. Kc3 a2 82. Re5+ Kb6 83. Re6+ Kc7 0-1

[Event "Europa ch 2014"]
[Site "Yerevan ARM"]
[Date "2014.03.11"]
[Round "8.121"]
[White "Avetisyan, Ashot"]
[Black "Hakobyan, Hovhannes H"]
[Result "1-0"]
[WhiteElo "2121"]
[BlackElo "1869"]
[PlyCount "113"]
[EventDate "2014.03.03"]
[EventType "swiss"]
[EventRounds "11"]
[EventCountry "ARM"]
[Source "lmi"]
[SourceDate "2014.03.02"]

1. d4 Nf6 2. c4 g6 3. Nf3 Bg7 4. g3 O-O 5. Bg2 d6 6. O-O c5 7. d5 b5 8. cxb5 a6
9. b6 Nbd7 10. Nc3 Nxb6 11. h3 Bb7 12. e4 a5 13. a4 Nfd7 14. Re1 Ba6 15. Bf1
Nc4 16. Qc2 Nde5 17. Nxe5 Nxe5 18. Kg2 Bc8 19. f4 Nd7 20. b3 e6 21. dxe6 fxe6
22. Bb2 Kh8 23. Rad1 Nf6 24. Nb5 Ne8 25. Bxg7+ Kxg7 26. Qxc5 Ba6 27. Qc3+ Nf6
28. Nd4 Ra7 29. Bc4 Rc7 30. Qxa5 d5 31. exd5 exd5 32. Be2 Qd7 33. Bg4 Qd8 34.
Be2 Qd7 35. f5 Ra7 36. Qc5 gxf5 37. Ne6+ Qxe6 38. Qxa7+ Kg8 39. Bf3 Ne4 40. Qd4
Bb7 41. Rc1 Qg6 42. Bxe4 dxe4 43. Kh2 Qf7 44. Qe3 Qg7 45. Re2 h5 46. h4 Rf6 47.
Qf4 Rf7 48. Qd2 Kh7 49. b4 e3 50. Qxe3 Be4 51. Qf4 Kg8 52. b5 Ra7 53. b6 Re7
54. a5 Qf7 55. a6 Re6 56. b7 Rxa6 57. b8=Q+ 1-0

[Event "Europa ch 2014"]
[Site "Yerevan ARM"]
[Date "2014.03.11"]
[Round "8.122"]
[White "Yayloyan, Konstantin"]
[Black "Nikolaidis, Konstantinos"]
[Result "0-1"]
[WhiteElo "1963"]
[BlackElo "2186"]
[PlyCount "86"]
[EventDate "2014.03.03"]
[EventType "swiss"]
[EventRounds "11"]
[EventCountry "ARM"]
[Source "lmi"]
[SourceDate "2014.03.02"]

1. e4 c6 2. d4 d5 3. f3 e6 4. Nc3 Bb4 5. Bf4 Ne7 6. Qd3 b6 7. Nge2 Ba6 8. Qe3
O-O 9. O-O-O Nc8 10. Qf2 Bd6 11. e5 Be7 12. g4 b5 13. Kb1 Nb6 14. Nc1 b4 15.
N3e2 N8d7 16. h4 c5 17. g5 Rc8 18. Qg3 Re8 19. h5 Nf8 20. Bh3 Rc6 21. Rdg1 c4
22. Qh2 Na4 23. g6 fxg6 24. hxg6 hxg6 25. Bf1 Kf7 26. Be3 Qa5 27. Rg4 Rb8 28.
Rf4+ Ke8 29. Qg3 Nc3+ 30. Nxc3 bxc3 31. Rxf8+ Bxf8 32. Qxg6+ Kd7 33. Rh8 Qb4
34. Qf7+ Be7 35. Rxb8 Qxb8 36. b3 Qf8 37. Qh5 cxb3 38. Bxa6 bxa2+ 39. Nxa2 Rxa6
40. Nxc3 Qc8 41. Ne2 Qb7+ 42. Kc1 Ra1+ 43. Kd2 Qb4+ 0-1

[Event "Europa ch 2014"]
[Site "Yerevan ARM"]
[Date "2014.03.11"]
[Round "8.123"]
[White "Karapetyan, Lusine"]
[Black "Babayan, Armine"]
[Result "0-1"]
[WhiteElo "1985"]
[BlackElo "2085"]
[PlyCount "80"]
[EventDate "2014.03.03"]
[EventType "swiss"]
[EventRounds "11"]
[EventCountry "ARM"]
[Source "lmi"]
[SourceDate "2014.03.02"]

1. e4 c5 2. Nf3 e6 3. d3 Nc6 4. g3 g6 5. Bg2 Bg7 6. O-O Nge7 7. c3 d5 8. Qe2
O-O 9. a4 b6 10. Na3 Qd7 11. e5 a6 12. Bf4 Bb7 13. c4 Na5 14. Qc2 Nec6 15. b3
Nb4 16. Qb1 Nac6 17. Qd1 f6 18. Re1 Rad8 19. cxd5 exd5 20. e6 Qe7 21. h4 h6 22.
Rb1 g5 23. Be3 d4 24. Bc1 Nd5 25. Rb2 Nc3 26. Qd2 b5 27. Nh2 Rd6 28. Bh3 Bc8
29. f4 gxf4 30. Qxf4 Ne5 31. Ng4 Bxe6 32. Nxh6+ Bxh6 33. Qxh6 Bxh3 34. Qh5 Nf3+
35. Qxf3 Qxe1+ 36. Kh2 Qxc1 37. Qh5 Rf7 38. Qg6+ Kf8 39. Rc2 Qxa3 40. Kxh3 Qxb3
0-1

[Event "Europa ch 2014"]
[Site "Yerevan ARM"]
[Date "2014.03.11"]
[Round "8.124"]
[White "Gaboyan, Susanna"]
[Black "Rusek, Walter"]
[Result "1-0"]
[WhiteElo "2043"]
[BlackElo "1794"]
[PlyCount "95"]
[EventDate "2014.03.03"]
[EventType "swiss"]
[EventRounds "11"]
[EventCountry "ARM"]
[Source "lmi"]
[SourceDate "2014.03.02"]

1. d4 d5 2. Nf3 Nf6 3. e3 c5 4. b3 cxd4 5. exd4 Bf5 6. Bb5+ Nbd7 7. O-O a6 8.
Bd3 Bxd3 9. Qxd3 e6 10. Bf4 Be7 11. h3 Ne4 12. c4 O-O 13. Nc3 Nxc3 14. Qxc3
dxc4 15. bxc4 b5 16. c5 Nf6 17. a4 Nd5 18. Qd2 Bf6 19. axb5 Nxf4 20. Qxf4 axb5
21. Rab1 Qd7 22. Rfc1 Rfc8 23. Qe4 Ra6 24. Rb4 h6 25. Qd3 Rb8 26. Rcb1 Ra4 27.
Nd2 Be7 28. Nc4 Ra7 29. Ne5 Qd5 30. Rxb5 Rxb5 31. Qxb5 Ra8 32. Qd7 Qe4 33. Rf1
Bxc5 34. Qxf7+ Kh7 35. dxc5 Qxe5 36. c6 Ra1 37. Rxa1 Qxa1+ 38. Kh2 Qe5+ 39. g3
Qc5 40. c7 Qc2 41. h4 Qc5 42. h5 Kh8 43. Kh3 Kh7 44. Qg6+ Kg8 45. Qe8+ Kh7 46.
c8=Q Qf5+ 47. Kg2 Qe4+ 48. Kh2 1-0

[Event "Europa ch 2014"]
[Site "Yerevan ARM"]
[Date "2014.03.11"]
[Round "8.125"]
[White "Mkrtchyan, Sargis R"]
[Black "Bykov, Egor"]
[Result "1-0"]
[WhiteElo "1909"]
[BlackElo "2089"]
[PlyCount "73"]
[EventDate "2014.03.03"]
[EventType "swiss"]
[EventRounds "11"]
[EventCountry "ARM"]
[Source "lmi"]
[SourceDate "2014.03.02"]

1. e4 d5 2. exd5 Qxd5 3. Nc3 Qd6 4. d4 Nf6 5. Nf3 g6 6. Be2 Bg7 7. O-O c6 8. h3
Bf5 9. Ne5 O-O 10. Bf4 Nd5 11. Bh2 Nxc3 12. bxc3 Qd8 13. Rb1 Qc8 14. Nd3 Nd7
15. Re1 Rd8 16. Bf3 Be6 17. a4 Bf6 18. h4 Bxh4 19. Rxe6 fxe6 20. Bg4 Nf8 21.
Nc5 b6 22. Nxe6 Qa6 23. Be2 Qa5 24. Nxd8 Rxd8 25. Bc4+ Kh8 26. Be5+ Bf6 27.
Bxf6+ exf6 28. Qf3 Kg7 29. Re1 Rd7 30. Bb3 c5 31. Re8 c4 32. Bxc4 Qxa4 33. Bb3
Qa3 34. g3 Qd6 35. Qa8 Rc7 36. Qb8 a5 37. Rxf8 1-0